Statystyki dla Państwa byłego ZSRR

Kliknij tutaj aby rozwiązać quiz!

Ogólne statystyki

  • Ten quiz został rozwiązany 16,138 razy
  • Średni wynik to 11 z 15

Statystyki odpowiedzi

Państwo % poprawnych
Ukraina
96%
Łotwa
94%
Litwa
94%
Białoruś
92%
Estonia
92%
Kazachstan
87%
Rosja
78%
Gruzja
73%
Armenia
66%
Uzbekistan
66%
Azerbejdżan
65%
Tadżykistan
63%
Turkmenistan
61%
Mołdawia
60%
Kirgistan
56%

Rozkład punktacji

Percentyl według liczby udzielonych odpowiedzi

Procent ludzi z każdym wynikiem

Twoja historia wyników

Nie rozwiązałeś tego quizu